• 首页
  • 本馆介绍
  • 公告通知
  • 最新文献
  • 馆藏检索
  • 电子资源
  • 读者导购
  • 参考咨询
  • 我的图书馆
  • 登录
  • 详细信息显示
  • 放入我的书架
  • 预约/预借图书
  • 作者相关作品
  • 分类相关作品
  • 丛书相关作品
  • 出版社相关作品

书目信息

  • 表格格式
  • 工作单格式
  • 卡片格式
题名:
达尔文生平
    
 
作者: 达尔文 , Darwin 著 ;叶笃庄 , 叶晓 译
分册:  
出版信息: 北京   科学出版社  1983
页数: 398页
开本: 21cm
丛书名:
单 册:
中图分类: K835.616.1
科图分类:
主题词: 历史 , 地理
电子资源:
ISBN:
000 00870nam0 2200313 45
001 0183012156
005 20040512110536.1
010    @dCNY2.35
091    @a13031.2366
100    @a19950719d1983 em y0chiy0121 ea
101 1  @achi@ceng
102    @aCN@b110000
105    @ay zz 000yb
106    @ar
200 10 @a达尔文生平@Ada er wen sheng ping@f(英)达尔文(F.Darwin)编@g叶笃庄,叶晓译
210    @a北京@c科学出版社@d1983
215    @a398页@d21cm
300    @a书名原文:Life of Charles Darwin
510 1  @aLife of Charles Darwin@zeng
606 0  @a历史
606 0  @a地理
690    @aK835.616.1
701  1 @a达尔文@Ada er wen@bF.@4著
701 A1 @aDarwin@bF.@4著
702  0 @a叶笃庄@Aye du zhuang@4译
702  0 @a叶晓@Aye xiao@4译
801  0 @aCN@b上海图书馆@c20040512
801  2 @aCN@bNLC@c20040512
905    @f3@b97598-600@dK835.616.1@e106:DE
    
    达尔文生平/(英)达尔文(F.Darwin)编/叶笃庄,叶晓译.-北京:科学出版社,1983
    398页;21cm
    书名原文:Life of Charles Darwin
    
    ISBN :CNY2.35
    
●
相关链接 在E读中查询图书 在五车中查询图书 在当当中查询图书 在豆瓣中查询图书


正题名:达尔文生平     索取号:K835.616.1/106:DE         预约/预借

序号 登录号 条形码 馆藏地/架位号 状态 备注
1 0097598   001540229   第二借阅区/ [索取号:K835.616.1/106:DE] 在馆    
2 0097599   001540238   第二借阅区/ [索取号:K835.616.1/106:DE] 在馆    
3 0097600   001540247   第二借阅区/ [索取号:K835.616.1/106:DE] 在馆    
4 0097601   001540176   第二样本阅览室/ [索取号:K835.616.1/106:DE] 在馆    
唐山师范学院图书馆 欢迎您!
大连网信软件有限公司© 版权所有